[Event "19th 4NCL Congress"]
[Site "Telford"]
[Date "2018.07.14"]
[Round "2"]
[Board "14"]
[White "Tarr, Steve F"]
[Black "Sheikh, Samia Z"]
[Result "0-1"]
[WhiteElo "1757"]
[BlackElo "1448"]
[PlyCount "74"]
[EventDate "2018.07.13"]
[EventRounds "5"]
[EventCountry "ENG"]

1. d4 Nf6 2. Bf4 d6 3. e3 g6 4. Nc3 Bg7 5. h4 h5 6. Be2 Nbd7 7. Nf3 Ng4 8. Ng5
e5 9. dxe5 dxe5 10. Bg3 Ngf6 11. Bc4 O-O 12. Qd3 Qe7 13. Qxg6 c6 14. Qd3 Nc5
15. Qe2 Bf5 16. e4 Bg6 17. f3 Bh6 18. Bf2 Ncd7 19. Be3 Kg7 20. O-O-O b5 21. Bb3
a5 22. a4 b4 23. Na2 Nc5 24. Qc4 Nfd7 25. Kb1 Rfe8 26. Rde1 f6 27. Nh3 Bxe3 28.
Rxe3 Nb6 29. Qe2 Nbxa4 30. f4 exf4 31. Nxf4 Qe5 32. Bxa4 Nxa4 33. c3 Qxf4 34.
cxb4 axb4 35. Nxb4 Bxe4+ 36. Kc1 Bg6 37. Re1 Qxb4  0-1

[Event "19th 4NCL Congress"]
[Site "Telford"]
[Date "2018.07.14"]
[Round "2"]
[Board "15"]
[White "Alizada, Eldar A"]
[Black "Murphy, Ross"]
[Result "1-0"]
[WhiteElo "1997"]
[BlackElo "1825"]
[PlyCount "75"]
[EventDate "2018.07.13"]
[EventRounds "5"]
[EventCountry "ENG"]

1. d4 Nf6 2. c4 g6 3. Nc3 d5 4. cxd5 Nxd5 5. e4 Nxc3 6. bxc3 Bg7 7. Bc4 c5 8.
Ne2 Nc6 9. Be3 cxd4 10. cxd4 Qa5+ 11. Qd2 Qxd2+ 12. Kxd2 O-O 13. Rhd1 Rd8 14.
Ke1 Na5 15. Bd3 b6 16. Rac1 Bb7 17. Rc7 e6 18. Rdc1 Rdc8 19. Bd2 Rxc7 20. Rxc7
Rc8 21. Rd7 Rb8 22. Nc3 Nc6 23. Nb5 Bc8 24. Rd6 Bb7 25. Rd7 Bc8 26. Rc7 Bb7 27.
Nd6 Nd8 28. Nxb7 Nxb7 29. e5 a5 30. Be4 Nd8 31. a4 h6 32. h4 Kf8 33. Bc1 Kg8
34. Ba3 Bf8 35. Bd6 Bxd6 36. exd6 f5 37. Bf3 h5 38. d7  1-0

[Event "19th 4NCL Congress"]
[Site "Telford"]
[Date "2018.07.14"]
[Round "2"]
[Board "16"]
[White "Shepley, Julien M"]
[Black "Bowman, Richard L"]
[Result "1-0"]
[WhiteElo "1974"]
[BlackElo "1822"]
[PlyCount "143"]
[EventDate "2018.07.13"]
[EventRounds "5"]
[EventCountry "ENG"]

1. d4 g6 2. e4 Bg7 3. Nc3 c5 4. Nf3 Qa5 5. Be3 Nf6 6. Qd2 cxd4 7. Nxd4 a6 8. f3
Nc6 9. Nb3 Qc7 10. O-O-O b5 11. Kb1 d6 12. Bh6 O-O 13. h4 Ne5 14. h5 Nc4 15.
Bxc4 bxc4 16. Nd4 Rb8 17. Bxg7 Kxg7 18. hxg6 fxg6 19. Qh6+ Kf7 20. Nd5 Qb7 21.
b3 Rh8 22. Nxf6 Kxf6 23. Nf5 Bxf5 24. exf5 cxb3 25. cxb3 Qd7 26. Qh4+ Kf7 27.
Qc4+ Kg7 28. Qd4+ Kf7 29. Qd5+ Kg7 30. fxg6 Kxg6 31. Qh5+ Kf6 32. Rd4 Qf5+ 33.
Kb2 Qxh5 34. Rxh5 Kg6 35. Ra5 Rb6 36. Rda4 Ra8 37. Rg4+ Kf6 38. Rh5 Rb5 39.
Rxh7 Rd5 40. Rgg7 Ra7 41. g4 Rc7 42. f4 Rd2+ 43. Ka3 Rcc2 44. Rf7+ Ke6 45.
Rxe7+ Kd5 46. Rh5+ Kd4 47. Re6 d5 48. Kb4 a5+ 49. Kxa5 Rxa2+ 50. Kb4 Ra7 51.
Rb6 Ke4 52. Rf5 Rc7 53. Rff6 Rd4+ 54. Kb5 Rd3 55. b4 Rg3 56. g5 Rg4 57. g6 d4
58. Rbe6+ Kd3 59. f5 Rf4 60. Kb6 Rg7 61. Re5 Kc3 62. b5 d3 63. Rc5+ Kd2 64. Rf7
Rg8 65. g7 Ke2 66. Re5+ Kf3 67. Rd5 Ke2 68. f6 d2 69. Rf8 Rxf6+ 70. Rxf6 Rxg7
71. Re6+ Kd1 72. Red6  1-0

[Event "19th 4NCL Congress"]
[Site "Telford"]
[Date "2018.07.14"]
[Round "2"]
[Board "17"]
[White "Zdanowski, Adrian"]
[Black "Stephenson, David W"]
[Result "0-1"]
[WhiteElo "1882"]
[BlackElo "1817"]
[PlyCount "76"]
[EventDate "2018.07.13"]
[EventRounds "5"]
[EventCountry "ENG"]

1. Nf3 e6 2. c4 f5 3. Nc3 Nf6 4. g3 Be7 5. Bg2 O-O 6. O-O d6 7. d4 Ne4 8. Qc2
Nxc3 9. bxc3 Nc6 10. e4 e5 11. Re1 Kh8 12. Bb2 f4 13. c5 Bg4 14. d5 Bxf3 15.
dxc6 Bxg2 16. cxb7 f3 17. bxa8=Q Qxa8 18. Qb3 Qc8 19. cxd6 cxd6 20. Rad1 Rf4
21. Qb5 h6 22. Rd3 Rh4 23. Rxf3 Bxf3 24. Re3 Rxe4 25. Rxf3 Qh3 26. Qf1 Qg4 27.
Kg2 Ra4 28. Qb1 e4 29. Rf4 Qe6 30. Qc2 Rc4 31. f3 d5 32. fxe4 dxe4 33. Qe2 Bc5
34. Qg4 Qxg4 35. Rxg4 Ra4 36. a3 Bf8 37. h4 Kg8 38. Kf2 e3+  0-1

[Event "19th 4NCL Congress"]
[Site "Telford"]
[Date "2018.07.14"]
[Round "2"]
[Board "18"]
[White "Cawston, M John"]
[Black "Potter, Steven"]
[Result "1-0"]
[WhiteElo "1866"]
[BlackElo "1799"]
[PlyCount "149"]
[EventDate "2018.07.13"]
[EventRounds "5"]
[EventCountry "ENG"]

1. e4 b6 2. d4 Bb7 3. Nc3 e6 4. Bd3 Bb4 5. Bd2 Nf6 6. Qe2 Bxc3 7. Bxc3 d5 8. e5
Ne4 9. Bb4 c5 10. Bb5+ Nd7 11. Ba3 cxd4 12. Nf3 a6 13. Bd3 Nec5 14. O-O Nxd3
15. cxd3 Nc5 16. Rac1 O-O 17. Bxc5 bxc5 18. Rxc5 Qb6 19. Rfc1 Rac8 20. Rxc8
Rxc8 21. Rxc8+ Bxc8 22. Qc2 Bd7 23. Kf1 h6 24. Ke2 f6 25. Kd1 Qb8 26. Qe2 fxe5
27. Nxe5 Ba4+ 28. Kc1 Qf8 29. Kb1 Bb5 30. g3 Qf5 31. f4 Be8 32. Qg4 Qf6 33. h4
Qe7 34. Qe2 Bb5 35. Qc2 Qe8 36. b3 Qb8 37. Qc5 a5 38. Kb2 a4 39. b4 Qe8 40. Qd6
a3+ 41. Kxa3 Qa8+ 42. Kb2 Qa4 43. Qxe6+ Kh7 44. Qg6+ Kg8 45. Qf7+ Kh7 46. Qf5+
Kg8 47. Qc8+ Kh7 48. Qc5 Be8 49. a3 Qd1 50. Qc2 Qe1 51. g4 g5 52. hxg5 hxg5 53.
Nf3 Qf1 54. Nxg5+ Kg8 55. Ne6 Kf7 56. f5 Bd7 57. Nc5 Be8 58. a4 Qe1 59. Kb3 Qa1
60. b5 Qe1 61. Na6 Kf6 62. Nb4 Bd7 63. Qb2 Qd1+ 64. Ka3 Qxg4 65. Nc2 Qxf5 66.
Qxd4+ Kg6 67. Nb4 Be6 68. b6 Qg5 69. Qc3 Qg1 70. d4 Qh2 71. Qc2+ Qxc2 72. Nxc2
Bc8 73. Kb4 Kf6 74. Kc5 Bb7 75. Kd6  1-0

[Event "19th 4NCL Congress"]
[Site "Telford"]
[Date "2018.07.14"]
[Round "3"]
[Board "1"]
[White "Darwen, David"]
[Black "Clanchy, Nicholas"]
[Result "0-1"]
[WhiteElo "1937"]
[BlackElo "1877"]
[PlyCount "70"]
[EventDate "2018.07.13"]
[EventRounds "5"]
[EventCountry "ENG"]

1. d4 g6 2. Bf4 Bg7 3. e3 b6 4. Nf3 Bb7 5. Be2 d6 6. h3 Nd7 7. O-O a6 8. a4 e5
9. Bh2 Ne7 10. Na3 O-O 11. c3 h6 12. Nc4 e4 13. Nfd2 d5 14. Na3 f5 15. c4 c6
16. b4 Kh7 17. c5 b5 18. Nb3 Nb8 19. Na5 Qd7 20. Bd6 Rf7 21. Nc2 g5 22. Bh5 Ng6
23. f4 exf3 24. Bxg6+ Kxg6 25. Rxf3 Bc8 26. Qd3 Qe8 27. Raf1 Be6 28. g4 Qc8 29.
Ne1 h5 30. Bxb8 Rxb8 31. Nxc6 Qxc6 32. gxf5+ Kh6 33. fxe6 Rxf3 34. Rxf3 bxa4
35. h4 gxh4  0-1

[Event "19th 4NCL Congress"]
[Site "Telford"]
[Date "2018.07.14"]
[Round "3"]
[Board "2"]
[White "Zabrocki, Philip Am"]
[Black "See, Tristian"]
[Result "1/2-1/2"]
[WhiteElo "1981"]
[BlackElo "1734"]
[PlyCount "45"]
[EventDate "2018.07.13"]
[EventRounds "5"]
[EventCountry "ENG"]

1. e4 c5 2. Be2 Nc6 3. f4 d5 4. d3 dxe4 5. dxe4 Qxd1+ 6. Bxd1 a6 7. Nc3 e6 8.
Na4 b5 9. Nb6 Rb8 10. Nxc8 Rxc8 11. c3 Nf6 12. Bf3 e5 13. Ne2 Bd6 14. f5 Nd7
15. O-O c4 16. Be3 Bc5 17. Bxc5 Nxc5 18. Ng3 O-O 19. f6 g6 20. Be2 Rfd8 21.
Rfd1 Rxd1+ 22. Rxd1 Rd8 23. Rd5  1/2-1/2

[Event "19th 4NCL Congress"]
[Site "Telford"]
[Date "2018.07.14"]
[Round "3"]
[Board "3"]
[White "Hughes, Peter"]
[Black "Bennett, Dominic L"]
[Result "1/2-1/2"]
[WhiteElo "1766"]
[BlackElo "1926"]
[PlyCount "61"]
[EventDate "2018.07.13"]
[EventRounds "5"]
[EventCountry "ENG"]

1. d4 e6 2. c4 d5 3. Nc3 Bb4 4. a3 Bxc3+ 5. bxc3 Nd7 6. Nf3 Ngf6 7. e3 O-O 8.
Bd3 b6 9. O-O Bb7 10. cxd5 exd5 11. Qc2 c5 12. a4 Qc7 13. Ba3 Rfe8 14. Rfc1 c4
15. Bf5 h6 16. Re1 Bc6 17. Reb1 Kh8 18. Bc1 Rg8 19. Qe2 Rae8 20. Bd2 Re7 21.
Bc2 Rc8 22. Nh4 Ne4 23. Be1 Nf8 24. f3 Nd6 25. Bg3 g6 26. Be5+ Kh7 27. Qf2 Nd7
28. Bg3 Nf8 29. Be5 Nd7 30. Bg3 Nf8 31. Be5  1/2-1/2

[Event "19th 4NCL Congress"]
[Site "Telford"]
[Date "2018.07.14"]
[Round "3"]
[Board "4"]
[White "Rushbrooke, Tibo"]
[Black "Herring, Sam Ac"]
[Result "0-1"]
[WhiteElo "1576"]
[BlackElo "1913"]
[PlyCount "56"]
[EventDate "2018.07.13"]
[EventRounds "5"]
[EventCountry "ENG"]

1. e4 e6 2. d4 d5 3. e5 c5 4. Nf3 Nc6 5. Bd3 Nxd4 6. Nxd4 cxd4 7. O-O Ne7 8.
Nd2 Nc6 9. Nf3 Be7 10. Qe2 O-O 11. g3 f6 12. Kg2 fxe5 13. Nxe5 Nxe5 14. Qxe5
Bf6 15. Qh5 g6 16. Qd1 e5 17. h4 e4 18. Be2 Be6 19. Rh1 Rc8 20. h5 g5 21. Bg4
Bxg4 22. Qxg4 Rxc2 23. Qd1 d3 24. Bd2 Bd4 25. Rf1 Qb6 26. Qg4 h6 27. Bc3 Bxc3
28. bxc3 Rfxf2+  0-1

[Event "19th 4NCL Congress"]
[Site "Telford"]
[Date "2018.07.14"]
[Round "3"]
[Board "5"]
[White "Whitehead, Mark A"]
[Black "Radford, Mark Sr"]
[Result "1-0"]
[WhiteElo "1913"]
[BlackElo "1667"]
[PlyCount "87"]
[EventDate "2018.07.13"]
[EventRounds "5"]
[EventCountry "ENG"]

1. e4 e6 2. Qe2 c5 3. g3 g6 4. Bg2 Bg7 5. d3 Nc6 6. c3 Nge7 7. Nh3 d6 8. O-O
O-O 9. f4 Bd7 10. Be3 b6 11. Nd2 Rc8 12. Bf2 f5 13. Rae1 Qc7 14. Ng5 b5 15.
exf5 exf5 16. Ne6 Bxe6 17. Qxe6+ Kh8 18. Nf3 Ng8 19. Ng5 Nd8 20. Qb3 Rb8 21.
Re2 h6 22. Nf3 Nc6 23. Rfe1 Nf6 24. Nh4 Kh7 25. Re6 b4 26. Qc4 bxc3 27. bxc3
Na5 28. Qa6 Rfd8 29. h3 Rb2 30. d4 c4 31. d5 Rxf2 32. Kxf2 Qc5+ 33. R1e3 Ne8
34. Re7 Nc7 35. Rxc7 Qxc7 36. Qb5 Rb8 37. Qa4 Rb2+ 38. Kg1 Qc5 39. Qe8 Re2 40.
Qxg6+ Kg8 41. Nxf5 Rxg2+ 42. Kxg2 Qxd5+ 43. Kf2 Qd2+ 44. Re2  1-0

[Event "19th 4NCL Congress"]
[Site "Telford"]
[Date "2018.07.14"]
[Round "3"]
[Board "6"]
[White "Sheikh, Samia Z"]
[Black "Reed, John S"]
[Result "0-1"]
[WhiteElo "1448"]
[BlackElo "1900"]
[PlyCount "80"]
[EventDate "2018.07.13"]
[EventRounds "5"]
[EventCountry "ENG"]

1. d4 Nf6 2. c4 d6 3. Nc3 e5 4. e3 Nbd7 5. Bd3 g6 6. Nf3 Bg7 7. O-O O-O 8. Qc2
Re8 9. b3 b6 10. Bb2 Bb7 11. Nd2 exd4 12. exd4 Nh5 13. Ne2 Bh6 14. Ne4 f5 15.
N4g3 Qh4 16. Nxh5 Qxh5 17. Bc1 Bxc1 18. Raxc1 Qg5 19. Ng3 h5 20. f4 Qf6 21. Qf2
h4 22. Ne2 Be4 23. Rcd1 h3 24. gxh3 c6 25. Bxe4 Rxe4 26. Ng3 Re7 27. Qg2 Rc8
28. d5 c5 29. Rfe1 Rce8 30. Rxe7 Rxe7 31. h4 Qxh4 32. Nxf5 Re1+ 33. Rxe1 Qxe1+
34. Qf1 Qxf1+ 35. Kxf1 gxf5 36. Kf2 Kg7 37. Kf3 Kg6 38. a3 Nf6 39. h3 Ne4 40.
b4 Nd2+  0-1

[Event "19th 4NCL Congress"]
[Site "Telford"]
[Date "2018.07.14"]
[Round "3"]
[Board "7"]
[White "Cawston, M John"]
[Black "Alizada, Eldar A"]
[Result "1/2-1/2"]
[WhiteElo "1866"]
[BlackElo "1997"]
[PlyCount "121"]
[EventDate "2018.07.13"]
[EventRounds "5"]
[EventCountry "ENG"]

1. Nf3 d5 2. d4 Nf6 3. c4 e6 4. Nc3 Be7 5. Bg5 O-O 6. e3 Nbd7 7. Qc2 a6 8. Rd1
Re8 9. Bd3 dxc4 10. Bxc4 b5 11. Bd3 Bb7 12. e4 Nf8 13. O-O Ng6 14. h3 Nh5 15.
Bxe7 Qxe7 16. Rfe1 Rad8 17. Qc1 Nh4 18. Nxh4 Qxh4 19. Qe3 Qf4 20. Qxf4 Nxf4 21.
Bc2 Rd7 22. g3 Ng6 23. b4 Red8 24. Ne2 Ne7 25. a3 Nc6 26. d5 exd5 27. exd5 Rxd5
28. Rxd5 Rxd5 29. Nd4 Re5 30. Rxe5 Nxe5 31. a4 Nf3+ 32. Nxf3 Bxf3 33. axb5 axb5
34. Bd3 c6 35. Kf1 h6 36. h4 Kf8 37. Ke1 Ke7 38. Kd2 Ke6 39. Ke3 Bd5 40. Kd4
Kf6 41. Bxb5 Bg2 42. Ba4 Ke6 43. Bb3+ Ke7 44. Kc5 f6 45. Ba4 Kd7 46. Bc2 Bf3
47. Bf5+ Kc7 48. Bd3 Kd7 49. Ba6 Kc7 50. Bd3 Kd7 51. Bf5+ Kc7 52. Be6 g5 53.
Bf5 Bg2 54. Bg6 Bf3 55. Be8 Bg2 56. f4 gxh4 57. gxh4 Bf3 58. Bg6 Bg2 59. Kd4
Kd6 60. Bd3 Bf3 61. Bf5  1/2-1/2

[Event "19th 4NCL Congress"]
[Site "Telford"]
[Date "2018.07.14"]
[Round "3"]
[Board "8"]
[White "Stephenson, David W"]
[Black "Shepley, Julien M"]
[Result "0-1"]
[WhiteElo "1817"]
[BlackElo "1974"]
[PlyCount "78"]
[EventDate "2018.07.13"]
[EventRounds "5"]
[EventCountry "ENG"]

1. e4 d6 2. d4 Nf6 3. Nc3 e5 4. Nf3 Nbd7 5. Bc4 Be7 6. g4 exd4 7. Qxd4 Ne5 8.
Nxe5 dxe5 9. Qxe5 Bxg4 10. Rg1 Qd6 11. Qg5 h6 12. Qxg7 O-O-O 13. Nd5 Rhg8 14.
Qxh6 c6 15. Bf4 Qc5 16. Nxe7+ Qxe7 17. Bd3 Nxe4 18. Be3 Qb4+ 19. Kf1 Qxb2 20.
Re1 Bf5 21. Bc1 Qd4 22. Re3 Nd6 23. Rxg8 Rxg8 24. Ke2 Bxd3+ 25. cxd3 Qg4+ 26.
Rf3 Nf5 27. Qf4 Nd4+ 28. Ke3 Nxf3 29. Qxg4+ Rxg4 30. Kxf3 Rd4 31. h3 Rxd3+ 32.
Kg4 c5 33. h4 c4 34. h5 c3 35. h6 Rd1 36. Bg5 Rg1+ 37. Kh4 c2 38. Kh3 Rxg5 39.
Kh4 Rg6  0-1

[Event "19th 4NCL Congress"]
[Site "Telford"]
[Date "2018.07.14"]
[Round "3"]
[Board "9"]
[White "Bryant, Richard Be"]
[Black "Verma, Shlok"]
[Result "1-0"]
[WhiteElo "1944"]
[BlackElo "1638"]
[PlyCount "177"]
[EventDate "2018.07.13"]
[EventRounds "5"]
[EventCountry "ENG"]

1. e4 e6 2. d4 d5 3. Nc3 dxe4 4. Nxe4 Bd7 5. Nf3 Bc6 6. Ng3 Nd7 7. c3 Ngf6 8.
Bd3 Be7 9. O-O O-O 10. b4 b6 11. Bc2 a5 12. Bd2 Re8 13. Re1 Nf8 14. Ne5 Bb7 15.
Ba4 Qd5 16. f3 Rec8 17. bxa5 Rxa5 18. Ne2 Qd8 19. Bc6 Ra7 20. Bxb7 Rxb7 21. Nc6
Qd7 22. Nxe7+ Qxe7 23. Nf4 Ng6 24. Nxg6 hxg6 25. Bg5 Qd6 26. Qd2 c5 27. Bf4 Qd7
28. Be3 c4 29. Rab1 Nd5 30. Bf2 Qd8 31. Rb2 Qf6 32. Bg3 Qf5 33. Rc1 Rc6 34. Rb5
Qh5 35. Qc2 Ra7 36. a4 Qf5 37. Qd1 Qd3 38. Qe1 Rxa4 39. Rxd5 exd5 40. Qe8+ Kh7
41. Rf1 Re6 42. Qxa4 Qxc3 43. Qd7 Qxd4+ 44. Bf2 Qf6 45. Qxd5 Rc6 46. Bd4 Qe6
47. Qxe6 Rxe6 48. Rb1 f6 49. Bxb6 c3 50. Ba5 c2 51. Rc1 Rc6 52. Kf2 g5 53. Ke2
Kg6 54. Kd2 Ra6 55. Bc3 Ra4 56. g3 Ra8 57. Rxc2 Kh5 58. Rb2 Ra7 59. Ke3 Re7+
60. Kf2 Rc7 61. Be1 Rc4 62. g4+ Kg6 63. Kg3 Rc7 64. Bf2 Rf7 65. Ra2 Rf8 66. h4
gxh4+ 67. Kxh4 Rh8+ 68. Kg3 Rh1 69. f4 Rd1 70. f5+ Kh7 71. Be3 Rd3 72. Kf3 Rb3
73. Ra7 Kh8 74. Rd7 Kh7 75. Ke4 Rb4+ 76. Rd4 Rb1 77. Rc4 Rb7 78. Kd5 Rd7+ 79.
Ke6 Rd1 80. Bc5 Re1+ 81. Kf7 Ra1 82. Rd4 Rc1 83. Rd3 Rh1 84. Bf8 Kh6 85. Bxg7+
Kg5 86. Bxf6+ Kxg4 87. Ke6 Rh6 88. Rd4+ Kf3 89. Rh4  1-0

[Event "19th 4NCL Congress"]
[Site "Telford"]
[Date "2018.07.14"]
[Round "3"]
[Board "10"]
[White "Lovell, William Pm"]
[Black "Jamieson, Ian M"]
[Result "0-1"]
[WhiteElo "1737"]
[BlackElo "1944"]
[PlyCount "48"]
[EventDate "2018.07.13"]
[EventRounds "5"]
[EventCountry "ENG"]

1. c4 b6 2. Nc3 e6 3. e4 Bb7 4. Nge2 Nf6 5. d3 d5 6. exd5 exd5 7. Bf4 Bd6 8.
Qb3 Bxf4 9. Nxf4 d4 10. Ncd5 c6 11. Nxf6+ Qxf6 12. g3 g5 13. Ne2 c5 14. Rg1 O-O
15. Bg2 Bxg2 16. Rxg2 Qf3 17. Rg1 Re8 18. Qc2 Nc6 19. a3 Re6 20. Kf1 Rae8 21.
Re1 Re3 22. g4 Qf6 23. Qd2 Ne5 24. Qc1 Nxd3  0-1

[Event "19th 4NCL Congress"]
[Site "Telford"]
[Date "2018.07.14"]
[Round "3"]
[Board "12"]
[White "Pink, Joshua"]
[Black "Robinson, Brian"]
[Result "1-0"]
[WhiteElo "1891"]
[BlackElo "1548"]
[PlyCount "109"]
[EventDate "2018.07.13"]
[EventRounds "5"]
[EventCountry "ENG"]

1. e4 e6 2. d4 d5 3. Nd2 dxe4 4. Nxe4 Nd7 5. d5 Ndf6 6. Nxf6+ Nxf6 7. Bb5+ Bd7
8. Bxd7+ Qxd7 9. dxe6 Qxe6+ 10. Qe2 Qxe2+ 11. Nxe2 Bd6 12. Be3 Ng4 13. Bf4
O-O-O 14. O-O Rhe8 15. Bxd6 Rxe2 16. Bf4 Rxc2 17. h3 Nf6 18. Be5 Re2 19. Rfe1
Rdd2 20. Bxf6 gxf6 21. Rxe2 Rxe2 22. Rb1 c5 23. a3 b5 24. b3 Ra2 25. Rc1 a6 26.
Rxc5+ Kd7 27. Rf5 Ke7 28. a4 bxa4 29. bxa4 Rxa4 30. Rh5 Ra1+ 31. Kh2 a5 32.
Rxh7 a4 33. Rh8 a3 34. Ra8 a2 35. Kg3 Ke6 36. Ra5 Ke7 37. h4 Kf8 38. Kh2 Kg7
39. g3 Kg6 40. Kg2 Kh6 41. Kf3 Kg6 42. Kf4 f5 43. Ra6+ f6 44. Ra5 Rb1 45. Rxa2
Rb4+ 46. Kf3 Rb3+ 47. Kg2 Kh5 48. Re2 f4 49. Re6 fxg3 50. fxg3 f5 51. Rf6 Kg4
52. Rg6+ Kh5 53. Rg5+ Kh6 54. Rxf5 Kg6 55. Rf3  1-0

[Event "19th 4NCL Congress"]
[Site "Telford"]
[Date "2018.07.14"]
[Round "3"]
[Board "13"]
[White "Goodfellow, Russell R"]
[Black "Heald, Carl"]
[Result "1/2-1/2"]
[WhiteElo "1766"]
[BlackElo "1895"]
[PlyCount "147"]
[EventDate "2018.07.13"]
[EventRounds "5"]
[EventCountry "ENG"]

1. e4 d6 2. d4 Nf6 3. Nc3 g6 4. Bg5 c6 5. Qd2 Nbd7 6. f3 Qa5 7. a3 h6 8. Be3
Bg7 9. Nge2 b5 10. Nc1 a6 11. Nb3 Qc7 12. Be2 Bb7 13. O-O c5 14. dxc5 dxc5 15.
Rac1 Rd8 16. Rfd1 c4 17. Nc5 Nxc5 18. Qxd8+ Qxd8 19. Rxd8+ Kxd8 20. Bxc5 Nd7
21. Bb4 e6 22. a4 Bd4+ 23. Kf1 Bc6 24. axb5 axb5 25. b3 Kc7 26. bxc4 bxc4 27.
Bxc4 Nb6 28. Nb5+ Bxb5 29. Bxb5 Be5 30. g3 g5 31. c4 Ra8 32. Rc2 Bd4 33. Kg2 e5
34. Kh3 h5 35. Be7 Be3 36. Bf6 Nd7 37. Bxd7 Kxd7 38. Bxe5 Ke6 39. Bb2 Ra2 40.
c5 Kd7 41. Re2 Bxc5 42. Rd2+ Ke6 43. Bc1 Ra8 44. Rd5 g4+ 45. fxg4 hxg4+ 46.
Kxg4 Be7 47. Bg5 Rg8 48. Kf4 f6 49. Bh4 Ra8 50. Rd2 Bf8 51. Kf3 Ra3+ 52. Kg2
Bh6 53. Rf2 Bg5 54. Bxg5 fxg5 55. Kh3 Re3 56. Kg4 Rxe4+ 57. Kxg5 Re3 58. Kh4
Re5 59. g4 Ra5 60. Kg3 Ra3+ 61. Rf3 Ra1 62. h3 Ke5 63. Kh4 Ke4 64. Rg3 Kf4 65.
g5 Ra8 66. Rg4+ Kf5 67. Kg3 Ra3+ 68. Kg2 Ra6 69. Rg3 Kg6 70. h4 Kh5 71. Kh3 Rb6
72. Kg2 Kg6 73. Rf3 Kh5 74. Rf6  1/2-1/2

[Event "19th 4NCL Congress"]
[Site "Telford"]
[Date "2018.07.14"]
[Round "3"]
[Board "14"]
[White "Cukovs, Oleg"]
[Black "Llewellyn, Alan M"]
[Result "1/2-1/2"]
[WhiteElo "1883"]
[BlackElo "1461"]
[PlyCount "97"]
[EventDate "2018.07.13"]
[EventRounds "5"]
[EventCountry "ENG"]

1. e4 d6 2. d4 Nf6 3. Nc3 g6 4. Nf3 Bg7 5. Bc4 c6 6. O-O b5 7. Bd3 b4 8. Ne2
O-O 9. Re1 c5 10. dxc5 Bb7 11. cxd6 exd6 12. Ng3 d5 13. Bg5 dxe4 14. Nxe4 Nbd7
15. Qd2 Qa5 16. Bh6 Nxe4 17. Bxe4 Bxe4 18. Bxg7 Kxg7 19. Rxe4 Nc5 20. Qxb4 Qxb4
21. Rxb4 Rab8 22. Rxb8 Rxb8 23. b3 a5 24. Rd1 a4 25. Rd5 axb3 26. axb3 Rc8 27.
Nd4 Ne4 28. b4 Rc4 29. b5 Nc3 30. Nf5+ gxf5 31. Rxf5 Rb4 32. f3 Rxb5 33. Rxb5
Nxb5 34. Kf2 Kf6 35. Ke3 Ke5 36. c4 Na3 37. f4+ Kd6 38. Kd4 Nc2+ 39. Ke4 Ke6
40. g4 f5+ 41. gxf5+ Kf6 42. c5 Nb4 43. Kd4 Kxf5 44. Kc4 Na6 45. Kb5 Nxc5 46.
Kxc5 Kxf4 47. Kd4 Kg4 48. Ke3 Kh3 49. Kf2  1/2-1/2

[Event "19th 4NCL Congress"]
[Site "Telford"]
[Date "2018.07.14"]
[Round "3"]
[Board "15"]
[White "Davies, Sam"]
[Black "Paul, Nathanael"]
[Result "1/2-1/2"]
[WhiteElo "1722"]
[BlackElo "1907"]
[PlyCount "137"]
[EventDate "2018.07.13"]
[EventRounds "5"]
[EventCountry "ENG"]

1. e4 c6 2. d4 d5 3. exd5 cxd5 4. c3 Nc6 5. Bf4 Nf6 6. Bd3 g6 7. Nf3 Bg7 8.
Nbd2 O-O 9. O-O Nh5 10. Bg5 Qd6 11. Re1 f6 12. Be3 e5 13. Be2 Bg4 14. h3 Bd7
15. Nb3 e4 16. Nh2 Nf4 17. Bxf4 Qxf4 18. Nc5 Qc7 19. Qb3 Kh8 20. Qxd5 Bf5 21.
Qb3 b6 22. Ne6 Bxe6 23. Qxe6 Rae8 24. Qc4 Qd6 25. Nf1 f5 26. Bd1 Nd8 27. Ba4
Re7 28. a3 Ne6 29. Qb4 Qc7 30. Ne3 Rd8 31. Qc4 f4 32. Qxc7 Nxc7 33. Nf1 b5 34.
Bc2 Rde8 35. Nd2 e3 36. fxe3 fxe3 37. Nf3 Nd5 38. Bd3 a6 39. Rad1 Re6 40. Be2
Nf4 41. Kh2 Nd5 42. Ng5 R6e7 43. Rf1 Kg8 44. Rde1 Bh6 45. h4 Bg7 46. g3 Nf6 47.
Kh3 h6 48. Nf3 Ne4 49. Kg2 Nd2 50. Rg1 Rf8 51. Rd1 Kh7 52. Nxd2 Rf2+ 53. Kh3
Rxe2 54. Nb3 Rxb2 55. Rb1 Rxb1 56. Rxb1 e2 57. Re1 Re3 58. Nc5 Bf8 59. Kg2 Bd6
60. Kf2 Bxg3+ 61. Kxe3 Bxe1 62. h5 gxh5 63. Kxe2 Bxc3 64. Nxa6 Bxd4 65. Nc7 Kg6
66. Kf3 Kf5 67. Nxb5 Bc5 68. Kg2 Kg4 69. Kh1  1/2-1/2

[Event "19th 4NCL Congress"]
[Site "Telford"]
[Date "2018.07.14"]
[Round "3"]
[Board "16"]
[White "Bradley, Sam A"]
[Black "Tarr, Steve F"]
[Result "1/2-1/2"]
[WhiteElo "1712"]
[BlackElo "1757"]
[PlyCount "51"]
[EventDate "2018.07.13"]
[EventRounds "5"]
[EventCountry "ENG"]

1. d4 d5 2. Nf3 Nf6 3. e3 c5 4. dxc5 Qa5+ 5. Bd2 Qxc5 6. Bc3 Nbd7 7. Nbd2 e6 8.
a3 Bd6 9. Bb4 Qc7 10. Bxd6 Qxd6 11. c4 O-O 12. Bd3 Nc5 13. Bc2 Rd8 14. cxd5
Qxd5 15. O-O b6 16. Nb3 Ba6 17. Qxd5 Rxd5 18. Rfd1 Rc8 19. Rxd5 Nxd5 20. Nbd4
f6 21. Rd1 g6 22. h3 e5 23. Nb3 Ne7 24. Nxc5 bxc5 25. Rd6 Rc6 26. Rxc6  1/2-1/2

[Event "19th 4NCL Congress"]
[Site "Telford"]
[Date "2018.07.14"]
[Round "3"]
[Board "17"]
[White "Bowman, Richard L"]
[Black "Zdanowski, Adrian"]
[Result "0-1"]
[WhiteElo "1822"]
[BlackElo "1882"]
[PlyCount "168"]
[EventDate "2018.07.13"]
[EventRounds "5"]
[EventCountry "ENG"]

1. b3 c5 2. Bb2 d5 3. e3 Nc6 4. Bb5 a6 5. Bxc6+ bxc6 6. Nf3 Bg4 7. h3 Bh5 8. g4
Bg6 9. Ne5 Qc7 10. d3 f6 11. Nxg6 hxg6 12. Nd2 e5 13. e4 Bd6 14. Qf3 d4 15. Nc4
Ne7 16. h4 O-O-O 17. a4 Rdf8 18. Qh3 Kb7 19. O-O-O f5 20. gxf5 gxf5 21. f3 Rf6
22. Kb1 Ng6 23. Qg3 Rh5 24. Rdg1 Qd7 25. Bc1 f4 26. Qg4 Qxg4 27. Rxg4 Bf8 28.
Bd2 Re6 29. Be1 Nh8 30. Rhg1 g6 31. Rg5 Bh6 32. R5g2 Bg7 33. Kc1 Bf6 34. Rg4
Be7 35. Kd1 Kc7 36. Ke2 g5 37. hxg5 Ng6 38. Nd2 Bd6 39. Nc4 Re8 40. Nxd6 Kxd6
41. R4g2 Reh8 42. Bf2 Ke6 43. Be1 Rh3 44. Bf2 Kf7 45. Be1 R8h5 46. Bf2 Kg7 47.
Be1 Nf8 48. b4 Kg6 49. bxc5 Ne6 50. c3 Rh2 51. c4 Rxg2+ 52. Rxg2 Rh1 53. a5 Rh3
54. Bf2 Nxg5 55. Rg1 Kh5 56. Rb1 Rh2 57. Rf1 Nh3 58. Ke1 Kg6 59. Ke2 Kf6 60.
Ke1 Kf7 61. Ke2 Ng5 62. Rb1 Nh3 63. Rf1 Ke7 64. Ke1 Kd7 65. Ke2 Ng5 66. Rb1 Ne6
67. Rg1 Nxc5 68. Rg7+ Kd6 69. Rg6+ Kc7 70. Rg7+ Nd7 71. Kf1 c5 72. Rg6 Nb8 73.
Kg1 Rh7 74. Kg2 Nc6 75. Be1 Kb7 76. Kg1 Rc7 77. Bh4 Nb4 78. Bd8 Rd7 79. Bb6
Nxd3 80. Kf1 Rh7 81. Ke2 Nb2 82. Bxc5 Rh2+ 83. Kf1 Nxc4 84. Bb4 d3  0-1

[Event "19th 4NCL Congress"]
[Site "Telford"]
[Date "2018.07.14"]
[Round "3"]
[Board "18"]
[White "Murphy, Ross"]
[Black "Potter, Steven"]
[Result "1/2-1/2"]
[WhiteElo "1825"]
[BlackElo "1799"]
[PlyCount "58"]
[EventDate "2018.07.13"]
[EventRounds "5"]
[EventCountry "ENG"]

1. d4 e6 2. c4 b6 3. Nf3 Bb7 4. g3 f5 5. Bg2 Bb4+ 6. Bd2 Bxd2+ 7. Nbxd2 Nf6 8.
Qc2 O-O 9. O-O Nc6 10. a3 Ne7 11. Rfe1 Ng6 12. Rad1 Ne4 13. Qb3 Rb8 14. d5 Nxd2
15. Rxd2 exd5 16. cxd5 d6 17. Nd4 Qf6 18. Rc1 Rbc8 19. Ne6 Rf7 20. Rdc2 f4 21.
Rxc7 Rcxc7 22. Rxc7 fxg3 23. Qxg3 Rxc7 24. Nxc7 Nf4 25. Qe3 Qf7 26. Qe8+ Qxe8
27. Nxe8 Nxe2+ 28. Kf1 Nf4 29. Nxd6 Bxd5  1/2-1/2

[Event "19th 4NCL Congress"]
[Site "Telford"]
[Date "2018.07.15"]
[Round "4"]
[Board "1"]
[White "Reed, John S"]
[Black "Clanchy, Nicholas"]
[Result "1/2-1/2"]
[WhiteElo "1900"]
[BlackElo "1877"]
[PlyCount "33"]
[EventDate "2018.07.13"]
[EventRounds "5"]
[EventCountry "ENG"]

1. d4 g6 2. Nf3 Bg7 3. g3 d6 4. Bg2 Nf6 5. O-O O-O 6. a4 a5 7. Re1 c6 8. e4 Bg4
9. Nbd2 Nbd7 10. h3 Bxf3 11. Nxf3 e5 12. dxe5 dxe5 13. b3 Re8 14. Ba3 Bf8 15.
Bxf8 Kxf8 16. Qe2 Qc7 17. Rad1  1/2-1/2